Catálogo

COMO GERENCIAR EL SERVICIO AL CLIENTE (Registro nro. 4946)

Detalles MARC
000 -LEADER
fixed length control field 00518nam a2200193 a 4500
001 - CONTROL NUMBER
control field 4946
005 - DATE AND TIME OF LATEST TRANSACTION
control field 20180713184814.0
008 - FIXED-LENGTH DATA ELEMENTS--GENERAL INFORMATION
fixed length control field 140415s1990 000 0 spa d
020 ## - INTERNATIONAL STANDARD BOOK NUMBER
International Standard Book Number 9589042686
041 ## - LANGUAGE CODE
Language code of text/sound track or separate title spa
082 ## - DEWEY DECIMAL CLASSIFICATION NUMBER
Classification number 658.809
Item number KAT
100 1# - MAIN ENTRY--PERSONAL NAME
Personal name KATZ, BERNARD
245 10 - TITLE STATEMENT
Title COMO GERENCIAR EL SERVICIO AL CLIENTE
260 ## - PUBLICATION, DISTRIBUTION, ETC.
Place of publication, distribution, etc. [s.l.] :
Name of publisher, distributor, etc. LEGIS EDITORES,
Date of publication, distribution, etc. 1990
300 ## - PHYSICAL DESCRIPTION
Extent 196
490 ## - SERIES STATEMENT
Series statement EMPRESARIAL
650 14 - SUBJECT ADDED ENTRY--TOPICAL TERM
Topical term or geographic name entry element MERCADEO
General subdivision SERVICIO AL CLIENTE
700 1# - ADDED ENTRY--PERSONAL NAME
Personal name NIÑO TORRES, TERESA
Relator term tr.
Existencias
Withdrawn status Lost status Source of classification or shelving scheme Damaged status Not for loan Collection code Home library Current library Shelving location Date acquired Source of acquisition Inventory number Total Checkouts Full call number Barcode Date last seen Price effective from Koha item type Date last checked out
    Dewey Decimal Classification     General Biblioteca Karol Wojtyla Biblioteca Karol Wojtyla Sala general 03/12/2013 Compra 151000000000000000029603   658.809 KAT 38192 05/01/2026 03/12/2013 Libro  
    Dewey Decimal Classification     General Biblioteca Karol Wojtyla Biblioteca Karol Wojtyla Sala general 03/12/2013 Compra 151000000000000000029611   658.809 KAT 54717 05/01/2026 03/12/2013 Libro 24/05/2018
    Dewey Decimal Classification     General Biblioteca Karol Wojtyla Biblioteca Karol Wojtyla Sala general 03/12/2013 Compra 151000000000000000029610 1 658.809 KAT 26458 05/01/2026 03/12/2013 Libro 12/04/2019
  No inventariado Dewey Decimal Classification       Biblioteca Karol Wojtyla Biblioteca Karol Wojtyla   03/12/2013 Compra     658.809 KAT 16552   03/12/2013 Libro